| 000 | 00807nmm a2200265 a 4500 | ||
|---|---|---|---|
| 001 | ocm0001683014 | ||
| 003 | TR-IsHL | ||
| 005 | 20201028165349.0 | ||
| 008 | 171119s2005 tu tur | ||
| 007 | cr cn | ||
| 020 | _a9789756217023 | ||
| 035 |
_a1683014 _b(N$T) |
||
| 050 | 0 | 4 |
_aPL248.E83 _bC35 2005 |
| 090 | 0 | 4 |
_aPL248.E83 _bC35 2005 |
| 100 | 1 | _aEsen, İlhan | |
| 245 | 1 | 0 |
_aÇakırdiken _h[electronic resource] / _cİlhan Esen |
| 260 |
_aİstanbul : _bBilgeoğuz Yayınları, _c2005 |
||
| 300 | _a213 p. | ||
| 650 | 4 | _aDil ve Edebiyat | |
| 650 | 4 | _aLanguage and Literature | |
| 650 | 0 | _aTürk şiiri | |
| 650 | 0 | _aTurkish poetry | |
| 650 | 7 |
_aPOETRY / Middle Eastern _2bisacsh |
|
| 856 | 4 | 0 | _uhttp://search.ebscohost.com/login.aspx?direct=true&scope=site&db=e011xww&AN=1683014 |
| 999 |
_c15852 _d15852 |
||